| 000 | 00437nam a2200169Ia 4500 | ||
|---|---|---|---|
| 008 | 231217s9999 xx 000 0 und d | ||
| 020 | _a8178813661 | ||
| 041 | _aEnglish | ||
| 082 | _a339.523 CHO;1 R | ||
| 100 | _aChowdary, Nagendra V ed. | ||
| 245 | 0 | _aBudget deficits and national debt | |
| 250 | _a1st ed. | ||
| 260 |
_c2004 _bIcfai _aHyderabad |
||
| 300 | _av, 210 | ||
| 650 | _aBudget,deficits,national,debt | ||
| 942 | _cAA | ||
| 999 |
_c186805 _d186805 |
||